Paroles : tout en mieux - Pierre Garnier - Statistiques

Statistiques générales
  • Ce quiz a été pris 667 fois
  • Le résultat moyen est 189 sur 234
Statistiques - réponses
Réponse % Correct
m'a
94%
ma
94%
la
93%
se
93%
tout
92%
à
91%
en
91%
mieux
91%
le
90%
on
89%
t'es
88%
tes
88%
et
87%
je
87%
que
86%
histoire
85%
belle
84%
ce
83%
jusqu'à
83%
pas
83%
plus
83%
ami
82%
nous
82%
pour
82%
l'amour
81%
moi
81%
sépare
81%
dit
80%
mon
80%
toujours
80%
aimer
79%
pourquoi
79%
ton
79%
va
78%
vie
78%
connais
77%
monde
77%
rire
77%
connait
76%
fin
76%
mais
76%
pire
76%
veut
76%
est
75%
appris
74%
me
73%
potes
73%
qu'il
73%
si
73%
tu
73%
ça
72%
yeux
72%
des
71%
devenu
71%
soleil
71%
sous
71%
était
70%
fallait
70%
dans
69%
deux
69%
dire
69%
être
68%
jamais
68%
pareil
68%
seul
68%
délire
67%
qu'aimer
67%
la flotte
66%
moins
66%
notes
64%
répondais
64%
j'préfère
63%
j'te
63%
marrait
63%
quand
63%
quelqu'un
63%
une
63%
conseils
61%
pleurait
61%
demandais
59%
choisir
58%
dis
58%
j'comprends
58%
m'obliger
58%
bien
57%
d'amis
57%
ils
57%
sonnait
57%
personne
55%
l'reveil
54%
s'aimèrent
51%
eurent
49%
Aucun quiz correspondant
Distribution des résultats
% des personnes avec chaque résultat
Percentile par nombre de réponses
Votre historique - résultats
Vous n’avez pas pris ce quiz